Anayasa değişikliği hakkında öneriler (Record no. 5395)

MARC details
000 -BAŞLIK
Sabit Uzunlukta Kontrol Alanı 00619na a2200217 4500
001 - KONTROL NUMARASI
Denetim Alanı 18425
003 - KONTROL NUMARASI IDENTIFIER
Denetim Alanı MIRAKIL
005 - SON İŞLEM TARİHİ VE ZAMANI
Denetim Alanı 20181213155035.0
008 - SABİT-BOY VERİ ELEMANLARI - GENEL BİLGİLER
Sabit Uzunlukta Kontrol Alanı 161118b tu 000 0
035 ## - SİSTEM KONTROL NUMARASI
Sistem Kontrol Numarası 18425
040 ## - KATALOGLAMA KAYNAK
Orijinal Kataloglama Ajansı Milas
Kataloglama Dili tur
Metne Dönüştürmek Ajansı TR-AnCHP
041 ## - DİL KODU
Metin / Ses Parça Veya Ayrı Başlığın Dil Kodu tur
082 ## - DEWEY ONLU SINIFLANDIRMA NUMARASI
Sınıflandırma Numarası 342.03
Ürün Numarası A52 1995
090 ## - SINIFLAMA NUMARASI
Sınıflama Numarası 342.03 A52 1995
245 ## - BAŞLIK TABLOSU
Başlık Anayasa değişikliği hakkında öneriler
Sorumluluk Tablosu, Vb Ege Bölgesi Sanayi Odası
260 ## - YAYIN, DAĞITIM, VB
Yayın, Dağıtım, Vb Yeri [İzmir]
Yayıncı, Dağıtıcı, Vs Adı Ege Bölgesi Sanayi Odası
Yayın, Dağıtım, Vb Tarihi 1995
300 ## - FİZİKSEL TANIM
Kapsam 75 s.
Boyutlar 20 sm.
650 ## - KONU KATMA GİRİŞ - TOPİKAL DÖNEM
Topikal Süreli Veya Coğrafi Ad Giriş Elemanı Anayasalar
Genel Alt Bölümü Tartışmalar
Coğrafi Alt Bölümü Türkiye
650 ## - KONU KATMA GİRİŞ - TOPİKAL DÖNEM
Topikal Süreli Veya Coğrafi Ad Giriş Elemanı Anayasa değişikliği
Coğrafi Alt Bölümü Türkiye
942 ## - EKLENDİ GİRİŞ ELEMANLARI (KOHA)
Sınıflandırma Veya Raf Düzeni Kaynak Dewey Decimal Classification
Koha Öğesi Türü Books
999 ## - SİSTEM KONTROL NUMARALARI (KOHA)
Koha Biblionumber 5395
Koha Biblioitemnumber 5395
Holdings
Kalıcı Konum Mevcut Konum Edinme Tarihi Edinim Kaynak Toplam Check-Out'Lar Tam Çağrı Numarası Barkod Tarih Son Görülme İtibaren Geçerli Fiyatlar Koha Öğesi Türü
CHP Kütüphanesi CHP Kütüphanesi 11/18/2016 Bağış   342.03 A52 1995 009543 11/18/2016 11/18/2016 Books